000 00449pab a2200145 454500
008 180718b1984 xxu||||| |||| 00| 0 eng d
100 _aFrey, William H.
245 _aLifecourse migration of metro - politan whites and blacks and the structure of demographic change in large central cities
260 _c1984
300 _a803-27
362 _aDec.
650 _aPopulation - Migration
773 _aAmerican Sociological Review
909 _a15527
999 _c15527
_d15527